Landen van de Wereld zonder de letter i - Statistieken

Algemene statistieken
  • Deze quiz is 139 keer genomen
  • De gemiddelde score is 56 van 68
Antwoordstatistieken
Antwoord % Correct
Portugal
96%
Spanje
96%
Zweden
96%
Canada
93%
Japan
93%
Nederland
93%
Noorwegen
93%
Peru
93%
Rusland
93%
Uruguay
93%
Noord-Korea
91%
Paraguay
91%
Andorra
89%
Cuba
89%
Polen
89%
Bhutan
87%
Marokko
87%
Guyana
85%
Jemen
85%
Kosovo
85%
Oman
85%
Togo
85%
Tsjaad
85%
Venezuela
85%
Botswana
83%
Denemarken
83%
Egypte
83%
Estland
83%
Guatemala
83%
Letland
83%
Nepal
83%
Panama
83%
Tonga
83%
Bahama's
80%
Ecuador
80%
El Salvador
80%
Lesotho
80%
Madagaskar
80%
Qatar
80%
Rwanda
80%
Tuvalu
80%
Angola
78%
Bangladesh
78%
Gabon
78%
Honduras
78%
Monaco
78%
Samoa
78%
Senegal
78%
Comoren
76%
Kazachstan
76%
Laos
76%
Nauru
76%
Oeganda
76%
Seychellen
76%
Vanuatu
76%
Belarus
74%
Grenada
74%
Luxemburg
74%
Malta
74%
Palau
74%
Barbados
72%
Kameroen
72%
Montenegro
72%
Myanmar
72%
Cambodja
70%
Soedan
70%
Ghana
67%
Cyprus
65%
Geen overeenkomende quizzen gevonden
Scoreverdeling
Procent van Mensen met Elke Score
Percentiel versus Aantal Correcte Antwoorden
Uw Scoregeschiedenis
U heeft deze quiz nog niet genomen